Datum a čas kvízu
34.5
Celkem bodů
Celkový počet nahraných bodů na tomto kvízu bez doplňovacích otázek.
2.
Pořadí na kvízu
Konečné umístění týmu na tomto kvízu.
Zaznamenané odpovědi
| # | Otázka | Odpověď | Body | Výsledky |
|---|---|---|---|---|
| 1. | Komunisté si zvolili o víkendu... | Kateřina Konečná | 1 | |
| 2. | Jistá evropská metropole si zř... | Vídeň | 0 | |
| 3. | Kanye Omari West je znám jako... | Ye | 0 | |
| 4. | Firma Apple opět vzbudila pozo... | čisticí hadřík | 1 | |
| 5. | Vyprodáno. Podle očekávání sle... | Seattle Kraken | 1 | |
| 6. | Toto téma začneme manželkami k... | 1D 2A 3C 4B | 1 | |
| 7. | Přesuneme se ke Králi popu. Ja... | The Jackson 5 | 1 | |
| 8. | Kterému sportu se profesionáln... | tenisu | 0 | |
| 9. | Mnoho deskových her využívá kr... | Shogi | 0 | |
| 10. | V roce 2021 streamovací platfo... | Král Šamanů (Shaman King) | 0 |